Statistics for Land Countries

Click here to take the quiz!

General Stats

  • This quiz has been taken 54 times
    (12 since last reset)
  • The average score is 6 of 11

Answer Stats

Land Countries% Correct
Finland
75%
Iceland
75%
Ireland
75%
New Zealand
58%
England
42%
Greenland
42%
Poland
42%
Scotland
42%
Switzerland
42%
Thailand
33%
Northern Ireland
25%

Score Distribution

Percentile by Number Answered

Percent of People with Each Score

Your Score History

You have not taken this quiz since the last reset